| 000 | 00546nam a2200157 4500 | ||
|---|---|---|---|
| 008 | 0 1990 0a 000 0USA | ||
| 020 | _a0-471-52458-1 | ||
| 050 | _aTJ260 H3965 1990 | ||
| 082 | _a621.4022 E522h | ||
| 100 | _aEckert, E. R. G. et.al. | ||
| 245 | _aHeat transfer reviews 1976-1986 / E.R.G. Eckert, et.al. | ||
| 260 | _aUSA : John Wiley | ||
| 300 | _a681 p. / 26 cm | ||
| 650 | _a1. TRANSFERENCIA DE CALOR 2. TERMODINAMICA | ||
| 700 | _aI. Goldstein, R. J. coaut. II. Irvine, T. F. coaut. III. Harnett, J. P. coaut. | ||
| 999 |
_c22057 _d22057 |
||